000 00568nam a2200229Ia 4500
003 OSt
005 20230412125419.0
008 210423s2008 xx 000 0 und d
020 _a8180522083
040 _cAL
041 _aeng
082 _a338.5
_223
_bKUMB
100 _aKUMAR (Brajesh)
_986989
245 _aModern microeconomics
260 _aNew Delhi
_bAne Books India
_c2008
300 _axix,323
_bPB
365 _b195
_cINR
650 _aEconomics
_986990
650 _aMicroeconomics
_986991
906 _amicroeconomics ; Modern
942 _2ddc
_cBK
999 _c157235
_d157235